De lo rural a lo urbano

সংরক্ষণ করুন:
গ্রন্থ-পঞ্জীর বিবরন
প্রধান লেখক: Lefebvre, Henri (Author)
বিন্যাস: গ্রন্থ
ভাষা:স্প্যানিশ
প্রকাশিত: Barcelona Península 1978
সংস্করন:4a. ed
মালা:Historia. Ciencia. Sociedad, 79
বিষয়গুলি:
ট্যাগগুলো: ট্যাগ যুক্ত করুন
কোনো ট্যাগ নেই, প্রথমজন হিসাবে ট্যাগ করুন!

MARC

LEADER 00000cam a2200000 a 4500
001 UCF1755
003 CL-VaPUC
008 120723e19780700SP |||||||||||||||||spa|d
020 |a 842970910X 
082 0 4 |a 307.76  |b LEF  |2 21 
100 |a Lefebvre, Henri  |e author  |9 581970 
245 1 0 |a De lo rural a lo urbano 
250 |a 4a. ed 
300 |a 268 p 
942 |c BK 
945 |d 20120723 00:00:00  |a dcastane 
260 |a Barcelona  |b Península  |c 1978 
650 0 |a Sociología urbana  |9 268099 
650 0 |a Zonas urbanas  |9 337776 
650 7 |a DESARROLLO URBANO  |2 CL-VaPUC  |9 563254 
650 0 |a Sociedad post-industrial  |9 380301 
583 |a last modification  |c 20120723 10:17:00  |k Rodrigo Vera 
490 0 |a Historia. Ciencia. Sociedad, 79 
999 |c 348443  |d 348441 
952 |0 0  |1 0  |4 0  |6 307_760000000000000_LEF_1978  |7 0  |8 R  |9 450450  |a BIBARQ  |b BIBARQ  |d 2019-11-22  |i 4885414  |l 2  |o 307.76 LEF 1978  |p 4885414  |q 2025-05-16  |r 2025-05-09  |s 2025-05-09  |w 2019-11-22  |y BK_R  |k ARQ